Environmental and health atlas of Russia = (Record no. 802)

000 -LEADER
fixed length control field 02406nam a22005177a 4500
001 - CONTROL NUMBER
control field 270650
003 - CONTROL NUMBER IDENTIFIER
control field OSt
005 - DATE AND TIME OF LATEST TRANSACTION
control field 20210422055934.0
007 - PHYSICAL DESCRIPTION FIXED FIELD--GENERAL INFORMATION
fixed length control field ad canzn
008 - FIXED-LENGTH DATA ELEMENTS--GENERAL INFORMATION
fixed length control field 951106s1995 ru e 0 engo
010 ## - LIBRARY OF CONGRESS CONTROL NUMBER
LC control number 95222529
020 ## - INTERNATIONAL STANDARD BOOK NUMBER
International Standard Book Number 5876640530
034 0# - CODED CARTOGRAPHIC MATHEMATICAL DATA
Category of scale a
040 ## - CATALOGING SOURCE
Original cataloging agency eng
Transcribing agency DLC
Modifying agency DLC
Language of cataloging eng
041 0# - LANGUAGE CODE
Language code of text/sound track or separate title eng
Language code of original rus
050 00 - LIBRARY OF CONGRESS CALL NUMBER
Classification number G2141.E1
Item number E8 1995
052 ## - GEOGRAPHIC CLASSIFICATION
Geographic classification area code 7061
072 #0 - SUBJECT CATEGORY CODE
Subject category code E1
Source lcg
080 ## - UNIVERSAL DECIMAL CLASSIFICATION NUMBER
Universal Decimal Classification number 614
Item number E-58
082 00 - DEWEY DECIMAL CLASSIFICATION NUMBER
Classification number 363.7/00947/022
Edition number 20
130 0# - MAIN ENTRY--UNIFORM TITLE
Uniform title Atlas okruzhai︠u︡shchai︠a︡ sreda i zdorovʹe naselenii︠a︡ Rossii.
Language of a work English.
245 00 - TITLE STATEMENT
Title Environmental and health atlas of Russia =
Remainder of title [Atlas okruzhai︠u︡shchai︠a︡ sreda i zdorovʹe naselenii︠a︡ Rossii] /
Statement of responsibility, etc. Murray Feshbach (editor-in-chief) ; Yulia Ye. Abrosimova ... [et al.] ; Boris B. Prokhorov (editor of the Russian edition) ; Gregory Guroff (project director) ; forewords by Gregory Guroff and Aleksei V. Yablokov ; introductory article by Murray Feshbach.
246 31 - VARYING FORM OF TITLE
Title proper/short title Atlas okruzhai︠u︡shchai︠a︡ sreda i zdorovʹe naselenii︠a︡ Rossii
255 ## - CARTOGRAPHIC MATHEMATICAL DATA
Statement of scale Scales differ.
260 ## - PUBLICATION, DISTRIBUTION, ETC.
Place of publication, distribution, etc. [Moscow] Russia :
Name of publisher, distributor, etc. "Paims" Pub. House,
Date of publication, distribution, etc. 1995.
300 ## - PHYSICAL DESCRIPTION
Extent 1 atlas (1 v. (various pagings)) :120 p.
Other physical details col. maps ;
Dimensions 21 x 28 cm.
500 ## - GENERAL NOTE
General note Parallel title transliterated from non-roman script.
504 ## - BIBLIOGRAPHY, ETC. NOTE
Bibliography, etc. note Includes bibliographical references.
546 ## - LANGUAGE NOTE
Language note Text in English and Russian.
650 #0 - SUBJECT ADDED ENTRY--TOPICAL TERM
Topical term or geographic name entry element Environmental health
Geographic subdivision Russia (Federation)
Form subdivision Maps.
650 #0 - SUBJECT ADDED ENTRY--TOPICAL TERM
Topical term or geographic name entry element Public Health
9 (RLIN) 337
650 #0 - SUBJECT ADDED ENTRY--TOPICAL TERM
Topical term or geographic name entry element Health risk assessment
Geographic subdivision Russia (Federation)
Form subdivision Maps.
650 #0 - SUBJECT ADDED ENTRY--TOPICAL TERM
Topical term or geographic name entry element Environmentally induced diseases
Geographic subdivision Russia (Federation)
Form subdivision Maps.
653 ## - INDEX TERM--UNCONTROLLED
Uncontrolled term საზოგადოებრივი ჯანდაცვა
653 ## - INDEX TERM--UNCONTROLLED
Uncontrolled term გარემოს დაბინძურებით გამოწვეული დაავადებები
700 1# - ADDED ENTRY--PERSONAL NAME
Personal name Feshbach, Murray,
Dates associated with a name 1929-
700 ## - ADDED ENTRY--PERSONAL NAME
Personal name Abrosimova, Ye. Yulia
9 (RLIN) 611
Relator term Editor
700 ## - ADDED ENTRY--PERSONAL NAME
Personal name Artyukhov, V. Vladimir
9 (RLIN) 612
Relator term Editor
700 ## - ADDED ENTRY--PERSONAL NAME
Personal name Martynov, S. Aleksandr
9 (RLIN) 613
Relator term Editor
700 ## - ADDED ENTRY--PERSONAL NAME
Personal name Ermakov, P. Sergei
9 (RLIN) 614
Relator term Editor
700 ## - ADDED ENTRY--PERSONAL NAME
Personal name Prokhorov, B. Boris
9 (RLIN) 615
Relator term Editor of the Russian Edition
700 ## - ADDED ENTRY--PERSONAL NAME
Personal name Guroff, Gregory
9 (RLIN) 616
Relator term Project Director
906 ## - LOCAL DATA ELEMENT F, LDF (RLIN)
a 7
b cbc
c orignew
d 2
e ncip
f 19
g n-geogmaps
942 ## - ADDED ENTRY ELEMENTS (KOHA)
Source of classification or shelving scheme
Koha item type Books
Holdings
Withdrawn status Lost status Source of classification or shelving scheme Damaged status Not for loan Permanent location Current location Date acquired Inventory number Total Checkouts Full call number Barcode Date last seen Price effective from Koha item type
          Ken Walker International University Ken Walker International University 12/22/2020 2144   614 E-58 2144 12/22/2020 12/22/2020 Books

Powered by Koha